Statystyki dla Dokończ tekst - polski rap #1

Kliknij tutaj aby rozwiązać quiz!

Ogólne statystyki

  • Ten quiz został rozwiązany 107 razy
  • Średni wynik to 3 z 10

Statystyki odpowiedzi

HintOdpowiedź% Poprawnych
Taco Hemingway - ,,(NASTĘPNA STACJA) litr wina i pół wódki I sześć szlugów, byś palił i..."snuł smutki
58%
Chivas - ,,Będziemy najlepsi po słońcem. Diamenty jak..."Gwiazdy błyszczące
47%
Jan-rapowanie - ,,Gdybym tyle nie palił, to bym miał..."Ferarri
38%
Gedz - ,,Firma się rozwija, elo buenos dias. Komu dziękować mam za..."ADHD
35%
Belmondo - ,,Muszę się skupić na finansach, suki i tak mam. Możesz mi mówieć Daquan. Możesz nie lubić, bo..."zwiedzam twoich koleżanek gardła
34%
Quebonafide - ,,Cztery bezsenne noce jak Blade. Imponują Ci..."przemoc i krew? | hazard i cash? | presja i stres?
32%
Oki - ,,Koła, koła, koła, mówią..."Oki zmienisz grę
31%
Żabson - ,,Brak snu, no bo do zrobienia mam w chuj. Mam do zapełnienia..."trzy konta w banku
23%
Białas - ,,Dla toksycznych ludzi wciąż jestem jak wiatr..."Sorry, ale muszę wiać
11%
Szpaku - ,,Pytasz mnie czemu z Young Igim nagrywam tracki? Weź nie pytaj, tylko..."sprawdzaj jak nakurwia bangry z Matim
10%

Rozkład punktacji

Percentyl według liczby udzielonych odpowiedzi

Procent ludzi z każdym wynikiem

Twoja historia wyników

Nie rozwiązałeś tego quizu